Doing business 2011 : Cameroon.
| Format: | Book |
|---|---|
| Published: |
Washington,D.C:
The World Bank,
2011.
|
| Subjects: |
| LEADER | 00457cam a2200157 7i4500 | ||
|---|---|---|---|
| 001 | 0000026099 | ||
| 005 | 20110416090000.0 | ||
| 020 | 0 | 0 | |a 9780821386309 |
| 090 | 0 | 0 | |a CAMR 338.7 |b DOI |
| 245 | 0 | 0 | |a Doing business 2011 : |b Cameroon. |
| 260 | 0 | 0 | |a Washington,D.C: |b The World Bank, |c 2011. |
| 300 | # | # | |a 68 p. |
| 650 | 0 | 0 | |a Business -- |z Cameroon |
| 650 | 0 | 0 | |a Doing business -- |z Cameroon |
| 651 | 0 | 0 | |a Cameroon |
| 999 | |a 0000028427 |b Book |c Countries |e Business Information Centre | ||


